000 00542nam a22002057a 4500
003 OSt
005 20251015131745.0
008 251015b |||||||| |||| 00| 0 eng d
020 _a9780071267687
040 _cDDC
082 _a338.04 HIS 2010
100 _aHisrich, Robert; Peters, Michael; Shepherd, Dean
_915389
245 _aEntrepreneurship
250 _a8th ed.
260 _aBoston; Mcgraw hill, 2010
300 _axix,602p' col.ill: 25cm
504 _aIndex included
650 _aEntrepreneurship
_96831
942 _2z
_cO_SHELF
999 _c9573
_d9573